MARC details
| 000 -LEADER |
| fixed length control field |
01715cam a22004335a 4500 |
| 001 - CONTROL NUMBER |
| control field |
12631280 |
| 003 - CONTROL NUMBER IDENTIFIER |
| control field |
OSt |
| 005 - DATE AND TIME OF LATEST TRANSACTION |
| control field |
20160910100356.0 |
| 008 - FIXED-LENGTH DATA ELEMENTS--GENERAL INFORMATION |
| fixed length control field |
011228s2002 nyua bs i000 0 eng d |
| 010 ## - LIBRARY OF CONGRESS CONTROL NUMBER |
| LC control number |
2001279303 |
| 020 ## - INTERNATIONAL STANDARD BOOK NUMBER |
| International Standard Book Number |
0-19-521606-7 (pbk.) |
| 020 ## - INTERNATIONAL STANDARD BOOK NUMBER |
| International Standard Book Number |
0-19-521607-5 (clothbound) |
| 035 ## - SYSTEM CONTROL NUMBER |
| System control number |
(OCoLC)ocm47981186 |
| 040 ## - CATALOGING SOURCE |
| Original cataloging agency |
DJB |
| Transcribing agency |
DJB |
| Modifying agency |
DLC |
| 042 ## - AUTHENTICATION CODE |
| Authentication code |
lccopycat |
| 043 ## - GEOGRAPHIC AREA CODE |
| Geographic area code |
d------ |
| 082 ## - DEWEY DECIMAL CLASSIFICATION NUMBER |
| Edition number |
2002 |
| Classification number |
DC 332.109172 |
| Item number |
B87 |
| 245 00 - TITLE STATEMENT |
| Title |
Building institutions for markets. |
| 260 ## - PUBLICATION, DISTRIBUTION, ETC. (IMPRINT) |
| Place of publication, distribution, etc. |
New York : |
| Name of publisher, distributor, etc. |
Published for the World Bank, Oxford University Press, |
| Date of publication, distribution, etc. |
c2002. |
| 300 ## - PHYSICAL DESCRIPTION |
| Extent |
xii, 249 pages : |
| Other physical details |
illustrations; |
| Dimensions |
27 cm. |
| 440 #0 - SERIES STATEMENT/ADDED ENTRY--TITLE |
| Title |
World development report, |
| International Standard Serial Number |
0163-5085 ; |
| Volume/sequential designation |
2002 |
| 500 ## - GENERAL NOTE |
| General note |
"This Report has been prepared by a team led by Roumeen Islam ..."--P. v. |
| 500 ## - GENERAL NOTE |
| General note |
"Selected world development indicators"--P. 229-241. |
| 504 ## - BIBLIOGRAPHY, ETC. NOTE |
| Bibliography, etc |
Includes bibliographical references (p. [195]-228). |
| 530 ## - ADDITIONAL PHYSICAL FORM AVAILABLE NOTE |
| Additional physical form available note |
Also available on the World Wide Web. |
| 650 #0 - SUBJECT ADDED ENTRY--TOPICAL TERM |
| Topical term or geographic name as entry element |
Institution building |
| Geographic subdivision |
Developing countries. |
| 650 #0 - SUBJECT ADDED ENTRY--TOPICAL TERM |
| Topical term or geographic name as entry element |
Equality |
| Geographic subdivision |
Developing countries. |
| 650 #0 - SUBJECT ADDED ENTRY--TOPICAL TERM |
| Topical term or geographic name as entry element |
Poverty |
| Geographic subdivision |
Developing countries. |
| 651 #0 - SUBJECT ADDED ENTRY--GEOGRAPHIC NAME |
| Geographic name |
Developing countries |
| General subdivision |
Economic policy. |
| 651 #0 - SUBJECT ADDED ENTRY--GEOGRAPHIC NAME |
| Geographic name |
Developing countries |
| General subdivision |
Social policy. |
| 700 1# - ADDED ENTRY--PERSONAL NAME |
| Personal name |
Islam, Roumeen. |
| 710 2# - ADDED ENTRY--CORPORATE NAME |
| Corporate name or jurisdiction name as entry element |
World Bank |
| 856 41 - ELECTRONIC LOCATION AND ACCESS |
| Uniform Resource Identifier |
<a href="http://econ.worldbank.org/wdr/structureddoc.php?pr=2391&docid=2394">http://econ.worldbank.org/wdr/structureddoc.php?pr=2391&docid=2394</a> |
| 856 42 - ELECTRONIC LOCATION AND ACCESS |
| Public note |
Previous reports: |
| Uniform Resource Identifier |
<a href="http://econ.worldbank.org/wdr/index.php">http://econ.worldbank.org/wdr/index.php</a> |
| 856 42 - ELECTRONIC LOCATION AND ACCESS |
| Materials specified |
Publisher description |
| Uniform Resource Identifier |
<a href="http://www.loc.gov/catdir/enhancements/fy0611/2001279303-d.html">http://www.loc.gov/catdir/enhancements/fy0611/2001279303-d.html</a> |
| 906 ## - LOCAL DATA ELEMENT F, LDF (RLIN) |
| a |
7 |
| b |
cbc |
| c |
copycat |
| d |
2 |
| e |
ncip |
| f |
20 |
| g |
y-gencatlg |
| 942 ## - ADDED ENTRY ELEMENTS (KOHA) |
| Source of classification or shelving scheme |
Dewey Decimal Classification |
| Koha item type |
Circulation |